000
00325nam a22001337a 4500
008
250428b |||||||| |||| 00| 0 eng d
020
_a
007019887X
050
_a
HD9715
_b
.F56
100
_a
JACKSON, Jerome Ira
245
_a
Financial Manager For Contractor
260
_a
U.S.A
_b
Jackson
_c
1981
300
_a
236p.
942
_c
BK
999
_c
3187
_d
3187